Các nhân tố ảnh hưởng đến tiếp cận tín dụng chính thức của nông hộ trên địa bàn tỉnh An Giang : Luận văn thạc sĩ kinh tế. Chuyên ngành: Tài chính - Ngân hàng

Đề tài nghiên cứu, phân tích các nhân tố ảnh hưởng đến tiếp cận tín dụng chính thức của hộ sản xuất nông nghiệp trên địa bàn tỉnh An Giang. Từ đó đề xuất một số giải pháp nhằm tăng cường tiếp cận tín dụng chính thức và nâng cao hi...

Szczegółowa specyfikacja

Zapisane w:
Opis bibliograficzny
1. autor: Huỳnh, Trung Thời
Format: Książka
Język:Undetermined
Wydane: Cần Thơ Đại học Cần Thơ 2011
Hasła przedmiotowe:
Etykiety: Dodaj etykietę
Nie ma etykietki, Dołącz pierwszą etykiete!
Thư viện lưu trữ: Trung tâm Học liệu Trường Đại học Cần Thơ
LEADER 01389nam a2200217Ia 4500
001 CTU_172586
008 210402s9999 xx 000 0 und d
082 |a 332.7 
082 |b Th462 
088 |a 60340201 
100 |a Huỳnh, Trung Thời 
245 0 |a Các nhân tố ảnh hưởng đến tiếp cận tín dụng chính thức của nông hộ trên địa bàn tỉnh An Giang : 
245 0 |b Luận văn thạc sĩ kinh tế. Chuyên ngành: Tài chính - Ngân hàng 
245 0 |c Huỳnh Trung Thời ; Trần Ái Kết (Người hướng dẫn khoa học) 
260 |a Cần Thơ 
260 |b Đại học Cần Thơ 
260 |c 2011 
520 |a Đề tài nghiên cứu, phân tích các nhân tố ảnh hưởng đến tiếp cận tín dụng chính thức của hộ sản xuất nông nghiệp trên địa bàn tỉnh An Giang. Từ đó đề xuất một số giải pháp nhằm tăng cường tiếp cận tín dụng chính thức và nâng cao hiệu quả sử dụng vốn của nông hộ. 
650 |a Credit,Banks and banking,Tín dụng,Ngân hàng và hoạt động ngân hàng,Financial management,Quản trị tài chính 
904 |i Năm 
980 |a Trung tâm Học liệu Trường Đại học Cần Thơ